Research methods for graduate business and social science students
Αποθηκεύτηκε σε:
| Κύριος συγγραφέας: | |
|---|---|
| Άλλοι συγγραφείς: | |
| Μορφή: | Βιβλίο |
| Γλώσσα: | English |
| Δημοσίευση: |
New Delhi :
SAGE,
c2007
|
| Θέματα: | |
| Ετικέτες: |
Προσθήκη ετικέτας
Δεν υπάρχουν, Καταχωρήστε ετικέτα πρώτοι!
|
MARC
| LEADER | 00000nam a2200000 i 4500 | ||
|---|---|---|---|
| 001 | 1/60875 | ||
| 008 | 071030s2007 eng d | ||
| 020 | |a 978-0-7619-3589-6 | ||
| 035 | |l 10091916 | ||
| 040 | |a GR-MY-UA |b gre |e aacr | ||
| 041 | 0 | |a eng | |
| 082 | 0 | |a 300.72 |2 (22) | |
| 100 | 1 | |a Adams, John |d 1955- | |
| 245 | 1 | 0 | |a Research methods for graduate business and social science students / |c John Adams ... [et al.] |
| 260 | |a New Delhi : |b SAGE, |c c2007 | ||
| 300 | |a 270 σ.; |b διαγρ., πιν.; |c 24 εκ. | ||
| 504 | |a Βιβλιογραφία: σ. 263-264. Ευρετήριο | ||
| 650 | 0 | 0 | |a Social sciences |x Research. |
| 650 | 0 | 0 | |a Social sciences |x Methodology. |
| 700 | 1 | |a Khan, Hafiz T.A. | |
| 852 | |a INST |b CHIOS |e 20071030 |h 300.72 ADA |p 005200028542 |q 005200028542 |t BK |y 0 | ||
| 901 | |a BIBL2-2007-3 | ||
| 909 | |a Χ |b 140036 | ||
| 922 | |a 2ΕΛΗ |b 200710 |c ΕΠΕΑΕΚ2/ΤΔΕ |d ΠΑΠΑΣΩΤΗΡΙΟΥ | ||
| 970 | |a ΒΑΡΦΗΣ |b ΒΑΓΓΕΛΗΣ |z 2007/10/30 | ||